书目信息 |
| 题名: |
陶华碧传
|
|
| 作者: | 冷湖 著 | |
| 分册: | ||
| 出版信息: | 武汉 华中科技大学出版社 2022.07 |
|
| 页数: | 232页 | |
| 开本: | 24cm | |
| 丛书名: | ||
| 单 册: | ||
| 中图分类: | K825.38=76 | |
| 科图分类: | ||
| 主题词: | 企业家--qi ye jia--传记--中国--现代 | |
| 电子资源: | ||
| ISBN: | 978-7-5680-8304-1 | |
| 000 | 01183nam0 2200253 450 | |
| 001 | 25047 | |
| 005 | 20220921105736.59 | |
| 010 | @a978-7-5680-8304-1@dCNY50.00 | |
| 100 | @a20220810d2022 em y0chiy50 ea | |
| 101 | 0 | @achi |
| 102 | @aCN@b420000 | |
| 105 | @ay z 000yb | |
| 200 | 1 | @a陶华碧传@Atao hua bi zhuan@e老干妈的香辣帝国@f冷湖著 |
| 210 | @a武汉@c华中科技大学出版社@d2022.07 | |
| 215 | @a232页@d24cm | |
| 314 | @a冷湖, 畅销书作家, 擅长创作商业名人传记及经管类图书。他对商界精英的创业经历、心路历程、精神品格等充满浓厚的钻研兴趣。 | |
| 330 | @a本书层层剖析, 循序渐进, 细致入微而又不失重点地勾勒了陶华碧的成长经历和创业过程。翻开本书, 你可以体会到陶华碧成长于农村贫困家庭的艰辛、丈夫早逝而不得不独自抚养两个孩子的悲痛、大字不识去进行创业的不易、公司做大之后守业的波折……她的故事跌宕起伏, 朴素与厚重交织, 简单与繁复杂糅, 让我们走进陶华碧的香辣帝国, 去咂摸她的百味人生。 | |
| 517 | 1 | @a老干妈的香辣帝国@Alao gan ma de xiang la di guo |
| 600 | 0 | @a陶华碧,@Atao hua bi@f1947-@x传记 |
| 606 | 0 | @a企业家@Aqi ye jia@x传记@y中国@z现代 |
| 690 | @aK825.38=76@v5 | |
| 701 | 0 | @a冷湖@Aleng hu@4著 |
| 801 | 0 | @aCN@c20220910 |
| 905 | @a河南城建学院图书馆@dK825.38=76@eT310@f2 | |
| 陶华碧传:老干妈的香辣帝国/冷湖著.-武汉:华中科技大学出版社,2022.07 |
| 232页;24cm |
| ISBN 978-7-5680-8304-1:CNY50.00 |
| 本书层层剖析, 循序渐进, 细致入微而又不失重点地勾勒了陶华碧的成长经历和创业过程。翻开本书, 你可以体会到陶华碧成长于农村贫困家庭的艰辛、丈夫早逝而不得不独自抚养两个孩子的悲痛、大字不识去进行创业的不易、公司做大之后守业的波折……她的故事跌宕起伏, 朴素与厚重交织, 简单与繁复杂糅, 让我们走进陶华碧的香辣帝国, 去咂摸她的百味人生。 |
| ● |
| 相关链接 |
|
|
|
正题名:陶华碧传
索取号:K825.38=76/T310
 
预约/预借
| 序号 | 登录号 | 条形码 | 馆藏地/架位号 | 状态 | 备注 |
| 1 | 1575709 | 215757090 | 社科库309/309社科库 49排4列5层/ [索取号:K825.38=76/T310] | 在馆 | |
| 2 | 1575710 | 215757107 | 社科库309/309社科库 49排4列5层/ [索取号:K825.38=76/T310] | 在馆 |